LEADER 01549nam 2200397 n 450 001 996390082203316 005 20221108031951.0 035 $a(CKB)1000000000652667 035 $a(EEBO)2264183807 035 $a(UnM)99842710 035 $a(EXLCZ)991000000000652667 100 $a19910520d1636 uy | 101 0 $aeng 135 $aurbn||||a|bb| 200 12$aA short introduction of grammar$b[electronic resource] $egenerally to be used. Compiled and set forth for the bringing up of all those that intende to attain the knowledge of the Latine tongue 210 $aLondon $cPrinted by the assignes of Roger Norton$d1636 215 $a[224] p 300 $aBy William Lily, with contributions by John Colet, Thomas Robertson, and others. 300 $aAt foot of title page: Cum privilegio. 300 $aIn two parts. Part 2 is entitled: Brevissima institutio, seu ratio grammatices. 300 $aA complete copy collates: A-O--STC. 300 $aIdentified as STC 15632a on UMI microfilm. 300 $aImperfect as filmed; A-D E⁴ (Part 1) only filmed. 300 $aReproduction of the original in the Folger Shakespeare Library. 330 $aeebo-0055 606 $aLatin language$xGrammar$vEarly works to 1800 615 0$aLatin language$xGrammar 700 $aLily$b William$f1468?-1522.$0841046 801 0$bCu-RivES 801 1$bCu-RivES 801 2$bCStRLIN 801 2$bWaOLN 906 $aBOOK 912 $a996390082203316 996 $aA short introduction of grammar$92317971 997 $aUNISA LEADER 01510nam 2200481 n 450 001 996393273603316 005 20221102113704.0 035 $a(CKB)3360000000286405 035 $a(EEBO)2240951509 035 $a(UnM)99834323 035 $a(UnM)9928605600971 035 $a(NjHacI)993360000000286405 035 $a(EXLCZ)993360000000286405 100 $a20790602d1760 uy | 101 0 $aeng 135 $aurbn||||a|bb| 181 $ctxt$2rdacontent 182 $cc$2rdamedia 183 $acr$2rdacarrier 200 14$aThe lady's garland$b[electronic resource] 210 $a[London] $cPrinted in Aldermary Churn-yard [sic], Bow Lane$d[1760?] 210 1$aLondon :$cPrinted in Aldermary Churn-yard, Bow Lane,$d1760. 215 $a1 sheet $cill 300 $aVerse - "A virtuous young lady, ingenious and fair,". 300 $aIn four columns with the title and two woodcuts above the first two; the columns are not separated by rules. 300 $aReproduction of the original in the British Library. 330 $aeebo-0018 606 $aBallads, English$zEngland$vTexts 606 $aBroadsides 606 $aMan-woman relationships 615 0$aBallads, English 615 0$aBroadsides. 615 0$aMan-woman relationships. 676 $a821.04 801 0$bUk-ES 801 1$bUk-ES 801 2$bCu-RivES 801 2$bCStRLIN 801 2$bWaOLN 906 $aBOOK 912 $a996393273603316 996 $aThe lady's garland$92323432 997 $aUNISA